Basic elements of news editing (Record no. 2684)

000 -LEADER
fixed length control field 00466nam a22001457a 4500
020 ## - INTERNATIONAL STANDARD BOOK NUMBER
International Standard Book Number 9789350531822
082 ## - DEWEY DECIMAL CLASSIFICATION NUMBER
Classification number 070.41
100 ## - MAIN ENTRY--PERSONAL NAME
Personal name J. David
245 ## - TITLE STATEMENT
Title Basic elements of news editing
250 ## - EDITION STATEMENT
Edition statement 1st ed
260 ## - PUBLICATION, DISTRIBUTION, ETC.
Place of publication, distribution, etc. New Delhi
Name of publisher, distributor, etc. Cybertech publications
Date of publication, distribution, etc. 2014
300 ## - PHYSICAL DESCRIPTION
Extent 293p
942 ## - ADDED ENTRY ELEMENTS (KOHA)
Koha item type Book
Holdings
Withdrawn status Lost status Source of classification or shelving scheme Damaged status Not for loan Permanent Location Current Location Shelving location Date acquired Total Checkouts Full call number Barcode Date last seen Date last checked out Price effective from Koha item type
          Central Library (CL) Central Library (CL) First Floor - Journalism 03/11/2016 2 302.23 DAV S3H-S-446 10/02/2020 10/02/2020 03/11/2016 Book
© 2023 Central Library, National University of Sciences and Technology. All Rights Reserved.